000 01293nam a2200217Ia 4500
003 Ost
005 20260507075352.0
008 260507s9999||||xx |||||||||||||| ||und||
020 _a27433289779
040 _cfsecg
041 _aara
082 _a330
100 _aمحارب، عبد العزيز قاسم
_eمؤلف
245 0 _aالإقتصاد البيئي مقوماته وتقنياته /
_c عبد العزيز قاسم محارب
260 _aالإسكندرية:
_bدار الجامعة الجديدة,
_c2011
300 _a260 صفحة؛
_bإيضاحات ؛
_c24 سم
520 _aالمقومات البيئية- المقومات التشريعية والمؤسسية والتمويلية- التشريعات البيئية- المقومات المؤسسية وتطور هياكلها- تمويل برامج البيئة- التقنيات البيئية- الآثار الإقتصادية لمخالفة المعايير البيئية وطرق الوقاية ووسائل العلاج- تلوث واستنزاف التربة ووسائل حمايتها- تلوث الهواء ووسائل مكافحة التلوث- البيئة المائية ووسائل حمايتها من التلوث
653 _aالإقتصاد
653 _aالبيئة
942 _cكتاب
999 _c44155
_d44155